00701 a2200217 450000500170000000800410001702000150005804000510007304100080012410000100013224500910014226000410023330000400027449000140031465000350032865000240036365000210038770000200040870000290042876500260045720180312141946.0131009s1984 sp a br|||| 00| 0 spa d a8426120288 aCO-BoUCMbspacJose A. GerenadDiana Londoño00aspa0 aDerib10aYakari y el extranjerocDerib ; [ilustraciones de] Job ; traducción de Jordi Jané c1984bJuventudaBarcelona (España) a48 páginasbilustraciones a color aYacariv7 7aLibros ilustrados para niños 7aLiteratura infantil 7aLiteratura suiza0 aJobeilustrador1 aJané, Jordietraductor tYakari et l´etranger